Länder nach Beliebtester Sportart in 60 Sekunden - Statistiken

Allgemein
  • Dieses Quiz wurde 20.455 mal gespielt
  • Das Durchschnittsergebnis liegt bei 177 aus 196
Antworten auf der Karte
Die Antworten werden auf der Karte rot bzw. grün angezeigt, abhängig davon wie oft sie richtig erraten wurden.
 
Antwortstatistiken
Land Sport % Korrekt
Albanien | Algerien | Andorra | +147 others Fußball
100%
Bahamas | Vereinigte Staaten American Football
85%
Finnland | Kanada | Lettland | Slowakei Eishockey
81%
Afghanistan | Antigua und Barbuda | Bangladesch | +11 others Cricket
77%
China | Estland | Philippinen | Seychellen Basketball
70%
Australien | Nauru Australian Football
67%
Irland Gaelic Football
66%
Dominikanische Republik | Japan | Kuba | +5 others Baseball
52%
Fidschi | Madagaskar | Neuseeland | +2 others Rugby Union
47%
Papua-Neuguinea Rugby League
46%
Mongolei Ringen
11%
Monaco Motorsport
9%
Föderierte Staaten von Mikronesien | Jamaika Leichtathletik
8%
Bhutan Bogenschießen
6%
Keine übereinstimmenden Quizze gefunden
Verteilung der Resultate
Anzahl Personen mit jedem Resultat
Perzentil nach korrekt beantworteten Fragen
Ihre Resultats-Entwicklung
Sie haben dieses Quiz noch nicht gespielt